| 000 | 00361nam a22001577a 4500 | ||
|---|---|---|---|
| 003 | SGT | ||
| 020 | _a978-81-312-3672-7 | ||
| 082 |
_a618 _bH16P |
||
| 100 | _aPADUBIDRI,V.G. | ||
| 245 | _aHOWKINS & BOURNE SHAW'S TEXTBOOK OF GYNAECOLOGY | ||
| 250 | _a16TH | ||
| 260 |
_aNEW DELHI _bELSEVIER _c2016 |
||
| 300 | _a583 | ||
| 650 | _aAYURVEDA | ||
| 942 |
_2ddc _cBK _03 |
||
| 999 |
_c11331 _d11331 |
||